[Event "3rd Kolkata GM Open 2018"]
[Site "Kolkata"]
[Date "2018.05.19"]
[Round "6"]
[White "Sangma, Rahul"]
[Black "Vignesh N R"]
[Result "1-0"]
[WhiteElo "2295"]
[BlackElo "2485"]
[Annotator "TA"]
[PlyCount "93"]
[EventDate "2018.??.??"]
[EventType "swiss"]
[EventCountry "IND"]
[SourceTitle "playchess.com"]
[Source "ChessBase"]
[SourceQuality "1"]

{[%evp 19,93,-45,-38,-62,-52,-60,-66,-62,-41,-64,-55,-78,-60,-75,-31,-35,-25,-32,-14,-30,0,-25,-25,-18,241,240,310,306,385,376,342,370,390,385,385,400,463,410,428,0,464,450,437,339,499,493,482,456,472,465,457,454,442,435,466,427,616,620,597,600,578,522,509,517,721,573,804,788,858,856,887,851,843,767,1403,1391]} 1. Nf3 d5 2. c4 e6 3. e3 Nf6 4. b3 c5 5. Bb2 Nc6 6. g3 {A13: English Opening: 1...e6} d4 7. exd4 cxd4 8. Bg2 e5 9. O-O Bd6 10. d3 O-O {LiveBook: 8 Games} 11. Na3 h6 12. Re1 $146 ({Predecessor:} 12. Nc2 Re8 13. a3 a5 14. Rb1 Bf5 15. Re1 Nd7 16. Ba1 Nc5 17. Bf1 {0-1 (32) Hemant,S (2242)-Grachev,B (2652) Chennai 2016}) 12... Re8 13. Nc2 a5 14. Nd2 Bg4 15. f3 Be6 16. a3 Nd7 17. Ne4 Bf8 18. Rb1 f5 19. Nf2 $1 Qb6 20. Bc1 Nc5 21. Bd2 Nxb3 $2 {[%mdl 8192] [#]} (21... Bf7 $11 {and Black stays safe.}) 22. a4 $1 $18 Ra6 23. Na1 Nxd2 24. Rxb6 Rxb6 25. Qxd2 Bb4 26. Qb2 Bc5 27. Qc2 Nb4 28. Qe2 Nc6 29. Qc2 Nb4 30. Qd1 Bd7 31. Re2 Na6 (31... Rbe6 $142 32. g4 g6) 32. f4 {White is clearly winning.} exf4 33. Rxe8+ Bxe8 34. Bd5+ Kf8 35. Nh3 fxg3 36. hxg3 Bd6 37. Qf1 Bxg3 (37... Bd7 $142 38. Nc2 Bxg3 39. Nxd4 Be5) 38. Qxf5+ Rf6 39. Qh7 Be5 40. Qe4 Bd6 41. Nb3 Bxa4 42. Nxd4 Bd7 43. Qh7 Be5 44. Nf3 Bc3 45. Qg8+ Ke7 46. Qxg7+ Kd6 47. d4 {Precision: White = 57%, Black = 31%.} 1-0

[Event "3rd Kolkata GM Open 2018"]
[Site "Kolkata"]
[Date "2018.05.19"]
[Round "6"]
[White "Sahoo, Utkal Ranjan"]
[Black "Khusenkhojaev, Muhammad"]
[Result "1-0"]
[WhiteElo "2281"]
[BlackElo "2456"]
[Annotator "TA"]
[PlyCount "45"]
[EventDate "2018.??.??"]
[EventType "swiss"]
[EventCountry "IND"]
[SourceTitle "playchess.com"]
[Source "ChessBase"]
[SourceQuality "1"]

{[%evp 15,45,60,51,41,49,36,52,37,43,47,47,56,64,20,30,20,43,14,249,255,472,452,573,377,2073,2096,1750,1624,1119,1243,29993,29994]} 1. d4 Nf6 2. c4 b6 3. Nc3 Bb7 4. Nf3 g6 5. Qc2 (5. g3 Bg7 6. Bg2 O-O 7. O-O e6 8. Bf4 d6 9. Qc2 Nbd7 10. Rad1 Qe7 11. e4 e5 12. Bc1 Rfe8 13. Nd5 Nxd5 14. cxd5 Rac8 15. dxe5 dxe5 {½-½ (68) Wang,Y (2690)-Mamedyarov,S (2804) chess.com INT 2018}) 5... d5 6. cxd5 {A50: Damenindisch (ohne e7-e6)} Nxd5 7. e4 Nxc3 8. bxc3 Bg7 {LiveBook: 40 Partien} 9. Be3 O-O 10. Rd1 Nd7 $146 ({Vorgänger:} 10... Qc8 11. Bd3 c5 12. O-O Nd7 13. Qe2 Nf6 14. Bg5 {0-1 (56) Krstulovic,A (2252)-Janik,I (2425) Warsaw 2017}) 11. e5 e6 12. h4 {[%cal Bh2h4,Bh4h5][%mdl 32]} c5 13. h5 Qc7 {...cxd4 ist eine echte Drohung.} 14. Qd2 cxd4 15. cxd4 {Droht Tc1 und aus.} Rfc8 16. Bb5 Nb8 $2 (16... a6 $1 $11 {und Schwarz steht sicher.} 17. Bd3 b5) 17. hxg6 $18 hxg6 $2 {[#]} (17... fxg6 {war nötig.} 18. Ng5 Qe7 19. Rxh7 Nd7) 18. Bh6 $1 {[%cal Rh6g7] Beabsichtigt Lxg7 und Matt.} Bh8 19. Bg5 {zielt auf Txh8+! ab.} Bxf3 $2 {[#]} (19... Qc3 20. Rxh8+ Kxh8) 20. Rxh8+ $1 {[%mdl 512]} Kxh8 21. Bf6+ Kh7 22. gxf3 {Weiss droht Ke2 und Matt.} Qc2 23. Ke2 {Precision: Weiß = 74%, Schwarz = 22%.} 1-0

[Event "3rd Kolkata GM Open 2018"]
[Site "Kolkata"]
[Date "2018.05.20"]
[Round "7"]
[White "Short, Nigel D"]
[Black "Tukhaev, Adam"]
[Result "1-0"]
[WhiteElo "2656"]
[BlackElo "2551"]
[Annotator "TA"]
[PlyCount "73"]
[EventDate "2018.??.??"]
[EventType "swiss"]
[EventCountry "IND"]
[SourceTitle "playchess.com"]
[Source "ChessBase"]
[SourceQuality "1"]

{[%evp 29,73,0,0,-42,-15,-67,-61,-59,-61,-159,-34,-32,-33,-33,-34,-36,-29,-31,-20,-33,0,0,0,-9,43,-19,0,-19,23,-19,-22,-56,0,0,0,0,0,0,0,0,0,0,70,41,62,60]} 1. e4 e5 2. Nf3 Nc6 3. Bb5 {[%cal Bf1b5,Bb5a4,Ba4b3][%mdl 32]} a6 4. Ba4 Nf6 5. O-O Nxe4 6. d4 b5 7. Bb3 d5 8. dxe5 Be6 9. Re1 Be7 10. c3 {[%cal Bc2c3,Bc3d4][%mdl 32]} O-O 11. Nbd2 Nc5 12. Nd4 {C83: Open Ruy Lopez: 9 c3 Be7} Nxd4 13. cxd4 Nd3 14. Re3 Nxc1 15. Rxc1 a5 {[#] LiveBook: 4 Games} 16. f4 $146 ({Predecessor:} 16. Nf3 Rc8 17. Rec3 a4 18. Bc2 g6 19. Bd3 b4 {½-½ (40) Svetushkin,D (2562)-Erdos,V (2585) Calimanesti Caciulata 2016}) 16... g6 17. a4 (17. Bc2 $11) 17... Rb8 (17... c5 $5) 18. Bc2 Qc8 19. Nb3 {[#]} ({Better is} 19. Nf3 $15) 19... bxa4 (19... Bg4 $1 $17 {[%cal Rg4d1]} 20. Qe1 bxa4) 20. Nxa5 $15 {And now Nc6 would win.} c5 21. Bxa4 {aiming for Nc6.} Rb6 {Hoping for ...c4.} 22. b4 $1 {[%cal Rd4c5]} c4 {[%mdl 1024] Black has compensation.} 23. b5 $1 Bg4 24. Qe1 Qa8 (24... Bd7 $5 {[%cal Rd7b5]} 25. Nc6 Bxc6 26. bxc6 Qa8 $11) 25. Ra1 Bd7 26. Re2 Qc8 (26... Qa7 $11) 27. Rb1 (27. Nc6 $14 Re8 28. Qc3 (28. Nxe7+ Rxe7 29. Rea2 Re8 $11)) 27... Qa8 28. Ra1 Qc8 29. Rb2 Qc7 {...Rfb8 is the strong threat.} 30. Rbb1 Bf5 ({Black should try} 30... Rfb8 $1 $15 31. Nc6 Bxc6 32. bxc6 Bb4) 31. Rc1 Bd7 32. Nc6 $36 {[%mdl 2048] White has the initiative.} Bxc6 33. bxc6 Ra8 34. h3 Rba6 35. Bb5 Ra3 (35... Rxa1 $1 $11 36. Rxa1 Rxa1 37. Qxa1 Qb6) 36. Rxa3 $14 Rxa3 37. Kh1 {Precision: White = 42%, Black = 44%.} 1-0

[Event "3rd Kolkata GM Open 2018"]
[Site "Kolkata"]
[Date "2018.05.20"]
[Round "7"]
[White "Short, Nigel D"]
[Black "Tukhaev, Adam"]
[Result "*"]
[WhiteElo "2656"]
[BlackElo "2551"]
[Annotator "TA"]
[PlyCount "46"]
[EventDate "2018.??.??"]
[EventType "swiss"]
[EventCountry "IND"]
[SourceTitle "playchess.com"]
[Source "ChessBase"]
[SourceQuality "1"]

{[%evp 9,9,14]} 1. e4 e5 2. Nf3 Nc6 3. Bb5 a6 4. Ba4 Nf6 5. O-O {Predecessor:} Be7 $146 6. Re1 b5 7. Bb3 O-O 8. c3 d5 9. exd5 Nxd5 10. Nxe5 Nxe5 11. Rxe5 c6 12. d3 Bd6 13. Re1 Bf5 14. Qf3 Qh4 15. g3 Qh3 16. Be3 Bxd3 17. Nd2 Qf5 18. Bd4 Rfe8 19. a4 Kf8 20. h4 h6 21. Qxf5 Bxf5 22. Rxe8+ Rxe8 23. axb5 axb5 {½-½ (30) Karjakin,S (2778)-Carlsen,M (2843) Shamkir 2018} *

[Event "3rd Kolkata GM Open 2018"]
[Site "Kolkata"]
[Date "2018.05.20"]
[Round "7"]
[White "Gupta, Abhijeet"]
[Black "Ahmed, Sk  Nasir"]
[Result "1-0"]
[WhiteElo "2619"]
[BlackElo "2305"]
[Annotator "TA"]
[PlyCount "79"]
[EventDate "2018.??.??"]
[EventType "swiss"]
[EventCountry "IND"]
[SourceTitle "playchess.com"]
[Source "ChessBase"]
[SourceQuality "1"]

{[%evp 18,79,0,0,0,0,23,15,15,12,22,25,75,79,74,79,71,51,51,53,52,52,78,86,86,84,88,75,76,74,104,105,114,112,127,108,186,192,194,180,182,179,209,209,195,183,206,208,198,197,302,327,309,284,393,365,741,662,604,575,1152,1384,1276,1258]} 1. d4 Nf6 2. c4 e6 3. g3 Bb4+ 4. Nd2 O-O 5. Bg2 d5 6. Ngf3 b6 7. cxd5 exd5 8. O-O Bb7 9. Ne5 Nbd7 10. Qa4 {LiveBook: 14 Games. E16: Queen's Indian: 4 g3 Bb7 5 Bg2 Bb4+} a5 $146 ({Predecessor:} 10... Qe7 11. Ndf3 Bd6 12. Nxd7 Nxd7 13. Bf4 Bxf4 14. gxf4 c5 15. e3 Rfc8 16. Rfd1 c4 17. a3 Bc6 {0-1 (49) Melkumyan,H (2619)-Matlakov,M (2707) Karlsruhe 2017}) 11. Ndf3 Qe8 {[#] Threatens to win with ...Nxe5.} 12. Qc2 {White has an edge.} Bd6 13. Bf4 h6 14. Rac1 Nh5 15. Nxd7 Qxd7 16. Bxd6 cxd6 17. Nh4 Nf6 18. Qc7 Qxc7 19. Rxc7 Ba6 20. Nf5 Bxe2 21. Re1 Bd3 22. Ne7+ Kh8 23. Nxd5 Nxd5 24. Bxd5 Rae8 25. Re3 $36 {[%mdl 2048] White has strong initiative.} Bg6 26. Bc6 Re6 (26... Rc8 $16 {keeps fighting.} 27. Ree7 Kh7) 27. Rb7 $18 d5 28. Rxe6 ({But not} 28. Rxb6 $6 Rd6 $16) 28... fxe6 29. Rxb6 {[%mdl 4096] Endgame KRB-KRB} Bb1 30. a4 Rf3 31. Kf1 Rd3 32. b4 axb4 33. Rxb4 Ba2 (33... Bc2 $142 34. Bd7 Ra3 35. Bxe6 Be4 36. Rb8+ Kh7) 34. Bb5 Ra3 35. Ke2 g5 36. Kd2 Rf3 $2 {[#]} (36... Kg7 37. Kc2 Bc4 38. Bxc4 dxc4 39. Rxc4 Kf6) 37. a5 {[%cal Ba4a5,Ba5a6][%mdl 32] White is clearly winning.} Rxf2+ 38. Ke1 Rf7 39. a6 Ra7 40. Bd3 {Precision: White = 91%, Black = 49%.} 1-0

[Event "3rd Kolkata GM Open 2018"]
[Site "Kolkata"]
[Date "2018.05.20"]
[Round "7"]
[White "Amonatov, Farrukh"]
[Black "Sengupta, Deep"]
[Result "0-1"]
[WhiteElo "2608"]
[BlackElo "2563"]
[Annotator "TA"]
[PlyCount "102"]
[EventDate "2018.??.??"]
[EventType "swiss"]
[EventCountry "IND"]
[SourceTitle "playchess.com"]
[Source "ChessBase"]
[SourceQuality "1"]

{[%evp 23,102,0,0,-37,10,12,10,18,24,16,35,15,16,-20,-14,-26,-14,-50,-33,-104,-115,-135,-82,-58,-85,-83,-8,-88,-75,-61,-62,-102,-66,-203,-197,-282,-278,-271,-258,-240,-253,-347,-310,-497,-501,-522,-509,-730,-670,-799,-789,-933,-921,-1012,-982,-1019,-1018,-1016,-1014,-958,-891,-1124,-1202,-1136,-479,-474,-470,-458,-452,-457,-399,-402,-405,-486,-473,-649,-649,-649,-649,-647,-643]} 1. e4 e5 2. Nf3 Nf6 3. Nxe5 d6 4. Nf3 Nxe4 5. d4 d5 6. Bd3 Bd6 7. O-O O-O 8. c4 c6 9. Nc3 Nxc3 10. bxc3 dxc4 11. Bxc4 Bg4 {[%cal Bc8g4,Bg4h5,Bh5g6][%mdl 32]} 12. Qd3 Nd7 {LiveBook: 36 Games} (12... Bxf3 13. Qxf3 Nd7 14. Rb1 $16) 13. a4 {C42: Petroff Defence: 3 Nxe5 and unusual White 3rd moves} (13. h3 {keeps more tension.} Bh5 14. a4 Bg6 15. Qd1 Re8 16. Bd3) (13. Bg5 Qc7 14. h3 Bh5 15. Nh4 Nb6 16. Bb3 Nd5 17. Bc2 Bg6 18. Nxg6 fxg6 19. Rae1 Qa5 20. Bb3 Kh8 {½-½ (78) Yang,K (2430)-Saptarshi,R (2476) Backi Petrovac 2018}) 13... Qc7 ({Much weaker is} 13... Bxf3 $6 14. Qxf3 Qc7 15. g3 $14) 14. h3 $146 ({Predecessor:} 14. Ba3 Bxa3 15. Rxa3 Qd6 16. Raa1 Qf6 17. Nd2 Rfe8 18. Rfe1 Nb6 19. Bb3 Nd5 20. Bc2 Qg6 21. Ne4 {½-½ (21) Illijin,N (2246)-Zayed,A (1855) Abu Dhabi 2009}) 14... Bh5 15. Nh4 {The position is equal.} Kh8 16. Nf5 Bh2+ 17. Kh1 Bf4 18. Ba3 Rfe8 {aiming for ...Be2.} 19. Rfe1 Bg6 20. Qc2 c5 21. Bd3 {[#]} (21. dxc5 $15 Nxc5 22. Rad1) 21... c4 $1 $17 {[%cal Rc4d3]} 22. Be4 {[#]} Nf6 $36 {[%mdl 2048] Black is in control.} (22... Rxe4 $142 $1 {[%mdl 512]} 23. Qxe4 Nf6) 23. Bf3 Qd7 24. g4 Nd5 ({Black should try} 24... Rad8 $17) 25. Re4 (25. Bd6 $1 $11 {remains equal.}) 25... Re6 26. Rae1 Rae8 27. Qb2 b6 ({Don't play} 27... Qxa4 $6 28. Rxe6 fxe6 29. Bxd5 $15) 28. a5 (28. Rxe6 $15 Rxe6 29. Rxe6 fxe6 30. Nh4) 28... bxa5 $19 29. Rxe6 (29. Kg1 $142) 29... fxe6 30. Ng3 Rb8 31. Qe2 Rb3 ({Don't take} 31... Nxc3 32. Qxc4 Nd5 33. Bxd5 $17) 32. Bc5 Rxc3 33. Ne4 $2 (33. Bg2 {is a better defense.}) 33... Rb3 34. Bg2 c3 35. Qf3 a4 36. Qd1 Rb2 37. Ba3 c2 38. Qa1 Rb8 39. Nc5 Qc6 {And now ...Rb1 would win.} 40. Bb2 Qb5 41. Nxa4 Bd2 42. Rxe6 Nf4 43. Re5 Qxb2 (43... Qb3 $142 44. Kh2 Nd3) 44. Nxb2 {Strongly threatening Rc5.} c1=Q+ 45. Qxc1 Bxc1 46. Nc4 Rc8 47. Nd6 Rd8 48. Nb5 a6 {Black is clearly winning.} 49. Nc7 Nxg2 50. Kxg2 Bf4 51. Rc5 {Hoping for Ne6.} Bd6 {Precision: White = 32%, Black = 70%.} 0-1

[Event "3rd Kolkata GM Open 2018"]
[Site "Kolkata"]
[Date "2018.05.20"]
[Round "7"]
[White "Rozum, Ivan"]
[Black "Burmakin, Vladimir"]
[Result "1/2-1/2"]
[WhiteElo "2581"]
[BlackElo "2528"]
[Annotator "TA"]
[PlyCount "99"]
[EventDate "2018.??.??"]
[EventType "swiss"]
[EventCountry "IND"]
[SourceTitle "playchess.com"]
[Source "ChessBase"]
[SourceQuality "1"]

{[%evp 16,99,82,74,88,51,60,56,83,44,53,35,30,20,49,20,12,-24,0,-7,0,-7,0,0,0,0,0,-16,0,6,29,10,102,103,155,0,52,11,62,-43,0,-29,-26,-32,-29,-29,-19,-26,-30,-30,-20,-31,-30,-12,-5,-16,-7,-16,-2,-100,-95,-84,-81,-107,-111,-120,-53,-946,-164,-145,-139,-147,-20,-222,-246,-237,-19,-19,0,-230,0,-25,0,-216,0,-29]} 1. e4 d5 2. exd5 Qxd5 3. d4 Nf6 4. c4 Qd8 5. Nf3 c6 6. h3 {B01: Scandinavian Defence} g6 7. Nc3 Bg7 8. Be2 O-O 9. O-O {LiveBook: 19 Games} a6 (9... Bf5 10. Be3 Na6 11. Qb3 Qc8 12. Rac1 Nc7 13. Rfd1 Ne4 14. Nxe4 Bxe4 15. d5 Rd8 16. Bg5 Rd7 {½-½ (29) Malakhov,V (2713)-Potapov,P (2493) Doha 2016}) 10. a4 a5 11. Bf4 $146 ({Predecessor:} 11. Be3 Na6 12. Ne5 Nb4 13. Rc1 Ne8 14. b3 Nd6 15. g4 e6 16. f4 f6 {1-0 (50) Kovchan,A (2569)-Chehlov,A (2211) St Petersburg 2011}) 11... Na6 12. Re1 Nb4 13. Bf1 Bf5 14. g4 Bc8 15. Bg2 h5 16. Nh2 Qd7 {[%cal Rh5g4]} 17. Bf3 Nh7 18. Be5 Ng5 19. Bg2 $1 hxg4 20. hxg4 Bxe5 21. Rxe5 Ne6 22. Ne2 Rd8 {[%cal Re6d4]} 23. Nf3 Qc7 {[#]} (23... f6 $11 24. Re3 g5) 24. Qd2 $1 $16 Nf8 (24... Kg7 $142) 25. Bh3 $2 (25. Re4 $16) 25... f6 (25... c5 $11) 26. Re4 $1 $14 e5 (26... c5 $11) 27. Kg2 (27. Re1 $14) 27... Be6 28. Qc3 {[%cal Rd4e5] [#]} b5 $1 {[%mdl 512]} 29. b3 (29. axb5 cxb5) 29... bxc4 30. bxc4 {[%cal Rd4e5]} Qf7 31. dxe5 Rd3 32. Qc1 {[#]} Rxf3 $1 {[%mdl 512]} 33. Kxf3 Nd3 ({Don't play} 33... fxe5+ 34. Kg3 $14) 34. Qe3 Nxe5+ 35. Kg3 $1 Nxc4 36. Qc3 Bd5 $36 {[%mdl 2048] Black has good play.} 37. Rd4 {[#]} (37. Bg2 $1 $11 {remains equal.}) 37... Qc7+ $1 $17 38. f4 Re8 39. Rxc4 Rxe2 40. Bf1 Qe7 (40... Re7 $17 {Hoping for ...g5.} 41. Qd4 Ne6 42. Qxf6 g5 43. Qg6+ Kf8 44. Qf5+ Rf7 45. Qxd5 gxf4+ 46. Kg2 cxd5 47. Rxc7 Rxc7) 41. Ra3 $2 {[%mdl 8192]} (41. Bxe2 $15 Qxe2 42. Rg1 Bxc4 43. Re1) 41... Re1 $2 (41... g5 {( -> ...Qh7!)} 42. Qd3 Rb2) 42. Kf2 $19 Rd1 {[%mdl 1024] Black has strong compensation.} 43. Rc5 Qh7 (43... Ne6 $17 44. Rxa5 Rd4 45. Ra8+ Kf7) 44. Qg3 $2 ({Wrong is} 44. Ke2 $2 Rb1 $19) (44. Qh3 $11 Qb7 45. Qe3) 44... Qh1 45. Qh3 {Black must now prevent Qxh1.} Qe4 $2 (45... Rd2+ $19 46. Ke1 Rh2) 46. Qe3 $11 Qh1 $2 (46... Qb1 $11 47. Bd3 Qb2+ 48. Be2 Rd4) 47. Qh3 $19 {And now Qxh1 would win.} Qe4 $2 ({Black should try} 47... Rd2+ $19 48. Ke1 Rh2) 48. Qe3 $11 {aiming for Qxe4.} Qh1 $2 (48... Qb1 $11 49. Bd3 Qb2+ 50. Be2 Rd4) 49. Qh3 $19 {Strongly threatening Qxh1.} Qe4 $2 (49... Rd2+ $19 50. Ke1 Rh2) 50. Qe3 {Precision: White = 43%, Black = 30%.} 1/2-1/2

[Event "3rd Kolkata GM Open 2018"]
[Site "Kolkata"]
[Date "2018.05.20"]
[Round "7"]
[White "Nihal Sarin"]
[Black "Sundararajan, Kidambi"]
[Result "0-1"]
[WhiteElo "2551"]
[BlackElo "2434"]
[Annotator "TA"]
[PlyCount "127"]
[EventDate "2018.??.??"]
[EventType "swiss"]
[EventCountry "IND"]
[SourceTitle "playchess.com"]
[Source "ChessBase"]
[SourceQuality "1"]

{[%evp 19,127,18,24,20,49,48,54,44,45,42,79,70,84,45,54,54,73,54,71,70,70,75,78,82,82,62,68,60,71,72,69,77,83,83,68,70,75,49,51,51,51,48,56,47,141,139,152,154,155,155,155,154,126,107,164,156,162,162,150,80,87,72,72,72,563,531,552,564,535,547,487,425,356,173,679,678,2795,173,6113,5595,5377,707,481,339,1242,1235,995,700,29968,29965,5907,5921,4627,927,1699,1573,1699,1662,2106,2013,1696,1015,29991,29983,29992,29991,29991,29992,29992,29993]} 1. Nf3 Nf6 2. c4 e6 3. Nc3 d5 4. d4 a6 5. cxd5 exd5 6. Bg5 {D37: Queen's Gambit Declined: 5 Bf4} (6. Qb3 Be7 7. Bf4 O-O 8. e3 c6 9. Bxb8 Rxb8 10. Bxa6 Bd6 11. Be2 Re8 12. O-O h5 13. Qc2 g6 {0-1 (38) Gelfand,B (2695)-Andreikin,D (2712) Moscow 2018}) 6... Be6 7. e3 Nbd7 8. Bd3 h6 9. Bh4 Be7 10. O-O O-O {LiveBook: 6 Games} 11. Rc1 c5 12. dxc5 Nxc5 13. Bb1 Rc8 14. Nd4 Qd7 $146 ({Predecessor:} 14... Ncd7 15. Bf5 Bxf5 16. Nxf5 Nb6 {1-0 (46) Rodriguez Rueda,P (2082)-Paredes Bustamante,P (1848) Bento Goncalves 2010}) 15. f3 {aiming for b4.} b5 16. Bf2 Rfe8 17. Qd2 Nb7 18. Nce2 Rxc1 19. Rxc1 Rc8 20. Rd1 Nd6 21. b3 Nb7 22. h3 Nd8 23. g4 Nc6 24. Nxc6 Qxc6 25. Nd4 Qc3 26. Qxc3 Rxc3 27. Be1 Rc8 ({Of course not} 27... Rxe3 $6 28. Bd2 $16) 28. a4 bxa4 29. bxa4 Nd7 30. Bf5 Bxf5 31. Nxf5 Bf6 (31... Bf8 $14) 32. Rxd5 $16 Rc1 33. Rxd7 Rxe1+ {[%mdl 4096] Endgame KRB-KRN} 34. Kf2 Ra1 {[#]} 35. f4 $1 {[%cal Bf3f4,Bf4g5,Bg5g6][%mdl 32]} Rxa4 36. Kf3 Ra3 (36... a5 $16 {keeps fighting.}) 37. Ra7 $18 a5 38. h4 {[%cal Bh3h4,Bh4h5,Bh5g6][%mdl 32]} a4 39. g5 ({White should try} 39. h5) 39... hxg5 $16 40. fxg5 Bb2 41. h5 {White wants to mate with g6.} Rb3 $2 {[%mdl 8192] [#]} (41... Rd3 $16 {is a better chance.}) 42. g6 $1 $18 fxg6 43. hxg6 {Threatening mate with Ra8+.} Rb8 44. Rxa4 Re8 45. Ra5 Kf8 46. Kf4 (46. Ra7 $142 {And now Rf7+ would win.} Bf6 47. e4) 46... Bf6 $2 (46... Re6 47. Ra8+ Re8 48. Rxe8+ Kxe8) 47. e4 {[%cal Be3e4,Be4e5][%mdl 32]} Bc3 48. Rd5 $2 (48. Rc5 Bd2+ 49. Kf3) 48... Bb2 $2 (48... Re6 49. Rd8+ Re8 50. Rxe8+ Kxe8) 49. e5 Ba1 50. Ne3 (50. Rb5 $142 Bc3 51. Nd6) 50... Bb2 51. Kf5 Ke7 $2 (51... Bc1 52. Nc2 Bh6) 52. Rb5 Bd4 53. Rb7+ Kf8 54. Nc4 Re7 55. Rb5 Rc7 56. Nd6 (56. Ke6 $142 Rc8 57. Rb7) 56... Ke7 57. Ke4 Ba7 58. Kd5 Rd7 59. Rb3 Rc7 60. Nf5+ Kf8 61. Ke6 {White mates.} Rc8 62. Rh3 {[%cal Rh3h8]} Rc6+ 63. Kd7 {[%cal Rh3h8]} Rxg6 64. e6 {[%mdl 32768] Precision: White = 65%, Black = 33%. . Loss on Time!?} 0-1

[Event "3rd Kolkata GM Open 2018"]
[Site "Kolkata"]
[Date "2018.05.20"]
[Round "7"]
[White "Lalith Babu M R"]
[Black "Nitin, S."]
[Result "1-0"]
[WhiteElo "2531"]
[BlackElo "2432"]
[Annotator "TA"]
[PlyCount "67"]
[EventDate "2018.??.??"]
[EventType "swiss"]
[EventCountry "IND"]
[SourceTitle "playchess.com"]
[Source "ChessBase"]
[SourceQuality "1"]

{[%evp 18,67,47,33,25,-8,-27,-93,-78,-108,-128,-122,-118,-181,-177,-227,-211,-257,-245,-246,-225,-309,-238,-193,-87,-101,-14,-28,0,-267,-280,-621,-614,-591,-92,-162,-154,-145,-68,-91,12,17,12,4,11,8,289,285,328,289,1056,1021]} 1. Nf3 Nf6 2. c4 g6 3. Nc3 Bg7 4. e4 d6 5. d4 {[%cal Bd2d4,Bd4d5][%mdl 32]} O-O 6. h3 Na6 7. Be3 c6 {E90: King's Indian: Classical: Early deviations and 6 h3} (7... c5 8. d5 e6 9. Nd2 exd5 10. cxd5 Nc7 11. Be2 b5 12. a3 b4 13. axb4 cxb4 14. Nb5 Nxb5 15. Bxb5 Bd7 {0-1 (40) Wang,Y (2690)-Kokarev,D (2615) Riadh 2017}) 8. Be2 e5 9. d5 Nh5 10. Qd2 {LiveBook: 4 Games} Nf4 11. Bf1 f5 12. g3 (12. Bxf4 $11 exf4 13. exf5) 12... fxe4 $146 ({Predecessor:} 12... Nh5 13. Bg5 Qc7 14. exf5 gxf5 15. Bg2 {½-½ (80) Bjarnason,S (2265)-Ivanov,M (2445) Hafnarfjordur 1997}) 13. Nxe4 cxd5 14. cxd5 Bf5 15. Nc3 (15. Neg5 $17) 15... Nb4 $19 16. gxf4 Nc2+ $1 17. Kd1 Nxa1 18. Bd3 Qd7 19. Ke2 exf4 20. Bd4 Rae8+ (20... Rfe8+ $19 21. Kd1 Bxh3) 21. Kd1 $17 Bxh3 (21... Rc8 $1 $17 22. Bxg7 Kxg7) 22. Bxg7 $11 Bg4 23. Be2 $2 {[%mdl 8192]} (23. Bxf8 $11 Bxf3+ 24. Kc1 Bxh1 25. Bb5) 23... Rxe2 $19 (23... Kxg7 24. Kc1 $17) 24. Qxe2 $2 (24. Nxe2 Qa4+ 25. b3 Nxb3 26. Qc2 Bxf3 27. axb3 Bxe2+ 28. Kc1 Qa3+ 29. Bb2) 24... Re8 $1 {[%cal Re8e2]} ({Not} 24... Kxg7 25. Kd2 $17) 25. Qd3 {Kd2 is the strong threat.} Qxg7 $2 (25... Bxf3+ $19 26. Qxf3 Qf5) 26. Rg1 {[#]} (26. Kd2 $17 {was necessary.} Nc2 27. Kxc2) 26... Bf5 $1 {[%cal Rf5d3]} 27. Qc4 Qh6 (27... Nc2 $17 {aiming for ...Rf8.} 28. Qxf4 Qf6) 28. Nd4 {[#]} Qh5+ (28... Qh4 $1 $17 {[%cal Rh4f2]} 29. Nxf5 Qxf2) 29. Kd2 $11 Qh4 30. Nxf5 Qxf2+ 31. Ne2 Nc2 $2 {[%mdl 8192]} (31... f3 $1 $11 {and Black stays safe.} 32. Nh6+ Kf8 33. Qf4+ Ke7 34. Qe3+ Qxe3+ 35. Kxe3 fxe2 36. Rxa1 Kf6+ 37. Kf2 Re4) 32. Nh6+ $18 ({Resist} 32. Nxd6 $6 Na3 $16) 32... Kg7 {Hoping for ...f3.} 33. Ng4 Qf3 $2 (33... Qc5 34. Qxc5 dxc5 35. Nxf4 Nd4) 34. Nxf4 {Precision: White = 36%, Black = 30%.} 1-0